Calcul vectoriel (Record no. 51678)

MARC details
000 -LEADER
campo de control de longitud fija 00581nam a2200181 i 4500
001 - NÚMERO DE CONTROL
campo de control 51678
003 - IDENTIFICADOR DE NÚMERO DE CONTROL
campo de control ES-MaACL
005 - FECHA Y HORA DE LA ÚLTIMA TRANSACCIÓN
campo de control 20230906162416.0
007 - CAMPO FIJO DE DESCRIPCIÓN FÍSICA--INFORMACIÓN GENERAL
campo de control de longitud fija t|
008 - DATOS DE LONGITUD FIJA--INFORMACIÓN GENERAL
campo de control de longitud fija 030814s1924 fr ||||1| fre d
100 1# - ENTRADA PRINCIPAL--NOMBRE DE PERSONA
Nombre de persona Chatelet, A.
9 (RLIN) 38186
245 10 - MENCIÓN DEL TÍTULO
Título Calcul vectoriel
Resto del título : théorie applications géométriques et cinématiques /
Mención de responsabilidad, etc. par A. Chatelet, J. Kampé de Fériet.
260 ## - PUBLICACIÓN, DISTRIBUCIÓN, ETC.
Lugar de publicación, distribución, etc. Paris :
Nombre del editor, distribuidor, etc. Gauthier-Villars,
Fecha de publicación, distribución, etc. 1924.
300 ## - DESCRIPCIÓN FÍSICA
Extensión IX, 425 p. ;
Dimensiones 25 cm.
650 04 - PUNTO DE ACCESO ADICIONAL DE MATERIA--TÉRMINO DE MATERIA
Término de materia o nombre geográfico como elemento de entrada Cálculo vectorial.
9 (RLIN) 10677
700 1# - ENTRADA AGREGADA--NOMBRE PERSONAL
Nombre de persona Kampé de Fériet, J.
9 (RLIN) 67480
852 ## - LOCALIZACIÓN
Ubicación ES-MaACL
Número de control de estantería E-589
Sublocalización o colección R.26537
Holdings
Estatus retirado Estado de pérdida Estado de daño No para préstamo Biblioteca de origen Biblioteca actual Ubicación en estantería Fecha de adquisición Fuente de adquisición Total de préstamos Signatura topográfica completa Código de barras Visto por última vez Precio de reemplazo Tipo de ítem Koha
        Biblioteca del Ateneo de Madrid Biblioteca del Ateneo de Madrid Depósito 2 17/01/2008     E-589 1054344 23/02/2023 23/02/2023 Libro impreso